=LDR 00000nam 2200000 4500 =001 INLIS000000000023142 =005 20200221092354 =035 ##$$a 0010-061300000023142 =008 200221################g##########0#ind## =041 ##$$a ind =082 ##$$a 155.4 =090 ##$$a 155.4, MON s =100 ##$$a Montgomery, Stacey =245 1#$$a Smart Ways To Have a Smart Kid, Stacey Montgomery (et.al) : $b Rahasia Memiliki Anak Cerdas /$c Stacey Montgomery (et.al) =260 ##$$a Yogyakarta :$b DIGLOSS MEDIA GROUPI,$c 2004 =300 ##$$a x, 154 hlm ; $c 14 x 20 cm =650 #4$$a Pendidikan anak =850 ##$$a NBPNMAT =020 ##$$a 979-9742-10-42 =084 ##$$a 155.4 MON s =250 ##$$a Cet.1 =990 ##$$a 30503070